| 000 | 00908nam a2200229Ia 4500 | ||
|---|---|---|---|
| 003 | OSt | ||
| 005 | 20210104113140.0 | ||
| 008 | 191128s1979 ck ad gr 000 0 spa d | ||
| 040 |
_aCO-JMCR _cCO-JMCR |
||
| 041 | 0 | _aspa | |
| 082 | 0 | 4 |
_a658.514 / _bR627e _223 |
| 100 | 1 |
_aRodríguez Devis, Julio Mario, _eautor _912605 |
|
| 245 | 1 | 0 |
_aElementos de gestión de tecnología / _cJulio Mario Rodríguez Devis |
| 260 |
_a[Bogotá] : _bSena : Universidad Nacional de Colombia, _c[1979] |
||
| 300 |
_a152 páginas : _bgráficos a blanco y negro ; _c23 cm. |
||
| 504 | _aBibliografía: páginas 149-152 | ||
| 505 | 0 | _aLa innovación tecnológica -- La planeación estratégica -- La administración de proyectos -- La estructura organizacional | |
| 650 | 1 | 4 |
_aTransferencia de tecnología _912606 |
| 650 | 1 | 4 |
_aInnovaciones tecnológicas _912184 |
| 650 | 2 | 4 |
_aIndustria y educación _912607 |
| 942 |
_2ddc _cBK |
||
| 999 |
_c6184 _d6184 |
||